00687nam a2200193Ia 4500008004100000020001500041040001800056041000800074100003000082245012800112260004600240300003700286650003300323650004000356650003200396650002600428700002000454700001900474130821s2004 sp a gr spa  a8479786426 aCo-BoUCMbspa00aspa1 aSuñé Torrents, Albert10aManual práctico de diseño de sistemas productivoscAlbert Suñé Torrenrs, Francisco Gil Vilda, Ignasi Arcusa Postils aMadrid (España)bDíaz de Santosc2004 axviii, 296 páginasbgráficas04aAdministración de empresas04aAdministración de la producción04aAdministración industrial04aDiseño de productos1 aArcusa, Ignacio1 aGil, Francisco